連続している市の代表駅 - Statistics

General Stats
  • This quiz has been taken 91 times
    68 since last reset
  • The average score is 39 of 91
Answer Stats
鉄道会社 答え % Correct
JR 平塚
72%
JR 国立
70%
JR 立川
70%
JR 茅ケ崎
70%
JR 国分寺
68%
JR 日野
68%
JR 武蔵小金井
66%
JR 吉祥寺
64%
JR 三鷹
64%
JR 草津
62%
JR 栗東
62%
JR 守山
62%
JR 野洲
62%
JR 掛川
58%
JR 菊川
57%
JR 米原
57%
JR 彦根
57%
JR 上諏訪
55%
JR 茅野
55%
JR 三島
55%
JR 沼津
55%
JR 桶川
53%
JR 鴻巣
53%
JR 白岡
53%
JR 蓮田
53%
JR 福生
53%
JR 北本
51%
JR 羽村
51%
JR 多治見
49%
JR 大垣
47%
JR 土岐市
47%
JR 水戸
45%
JR 逗子
45%
私鉄・三セク 海老名
45%
JR 長岡京
45%
JR 向日町
45%
JR 勝田
43%
JR 鎌倉
43%
JR 穂積
43%
JR 宇部
43%
JR 小山
42%
私鉄・三セク 清瀬
42%
私鉄・三セク 東久留米
42%
私鉄・三セク 所沢
42%
私鉄・三セク 東村山
42%
私鉄・三セク 座間
42%
JR 甲府
42%
JR 竜王
42%
JR 瑞浪
42%
JR 小野田
42%
JR 砂川
40%
JR 滝川
40%
JR 滝川
40%
私鉄・三セク 朝霞
40%
私鉄・三セク 鯖江
40%
私鉄・三セク 武生
40%
JR 石岡
38%
JR 小金井
38%
私鉄・三セク 和光市
38%
JR 君津
38%
JR 木更津
38%
私鉄・三セク 守谷
36%
私鉄・三セク みらい平
36%
私鉄・三セク 芦原温泉
36%
私鉄・三セク 丸岡
36%
JR 稲沢
36%
JR 赤平
34%
JR 羽鳥
34%
私鉄・三セク 八潮
34%
私鉄・三セク 魚津
34%
JR 尾張一宮
34%
私鉄・三セク 三郷中央
32%
私鉄・三セク 黒部
32%
JR 米子
32%
JR 安来
32%
JR 大牟田
32%
JR 荒尾
32%
JR 桐生
30%
私鉄・三セク 松任
30%
私鉄・三セク 野々市
28%
私鉄・三セク 川西能勢口
26%
JR 岩宿
25%
私鉄・三セク 池田
25%
JR 奈良
25%
JR 郡山
25%
JR 下松
23%
JR
23%
JR 宇土
23%
JR 臼杵
21%
JR 津久見
21%
JR 松橋
17%
No matching quizzes found
Score Distribution
Percent of People with Each Score
Percentile by Number Answered
Your Score History
You have not taken this quiz since the last reset